Catálogo público

La caña de azúcar como pienso = Sugarcane as feed (Record no. 69102)

MARC details
000 -CABECERA
campo de control de longitud fija 01536cam a22003977a 4500
003 - IDENTIFICADOR DEL NÚMERO DE CONTROL
campo de control CHAP
005 - FECHA Y HORA DE LA ÚLTIMA TRANSACCIÓN
campo de control 20220817043229.0
008 - DATOS DE LONGITUD FIJA--INFORMACIÓN GENERAL
campo de control de longitud fija 971013s1988 it a r 00010 eng d
010 ## - NÚMERO DE CONTROL DE LA BIBLIOTECA DEL CONGRESO
Número de control de LC 69102
011 ## - ENLACE DEL NUMERO DE CONTROL DE LA BIBLIOTECA DEL CONGRESO [OBSOLETO]
Número de control de LC 70074
035 ## - NÚMERO DE CONTROL DEL SISTEMA
Número de control de sistema 79554
040 ## - FUENTE DE LA CATALOGACIÓN
Centro/agencia transcriptor CHAP
082 ## - NÚMERO DE LA CLASIFICACIÓN DECIMAL DEWEY
Número de clasificación 636.08
Número de documento/Ítem F3 v.72
110 ## - ENTRADA PRINCIPAL--NOMBRE DE ENTIDAD CORPORATIVA
Nombre de entidad corporativa o nombre de jurisdicción como elemento de entrada FAO
245 13 - MENCIÓN DE TÍTULO
Título La caña de azúcar como pienso = Sugarcane as feed
Mención de responsabilidad, etc. / by R. Sansoucy, G. Aarts and T.R. Preston
260 ## - PUBLICACIÓN, DISTRIBUCIÓN, ETC.
Lugar de publicación, distribución, etc. Rome :
Nombre del editor, distribuidor, etc. FAO,
Fecha de publicación, distribución, etc. 1988
300 ## - DESCRIPCIÓN FÍSICA
Extensión 319 p.
Otras características físicas ilus., cuadros, gráfs.
490 #0 - MENCIÓN DE SERIE
Mención de serie FAO. Producción y sanidad animal
Designación de volumen o secuencia ; 72
500 ## - NOTA GENERAL
Nota general Bilingüe: (ingles, español)
500 ## - NOTA GENERAL
Nota general Memoria de una consulta de expertos de la FAO en Santo Domingo, República Dominicana, 1986.
590 ## - NOTA LOCAL (RLIN)
Nota local BATCH-UPD
Procedencia (VM) [OBSOLETO] 10
Condición del los carretes individuales (VM) [OBSOLETO] 20130110
-- UCH01
-- 0822
590 ## - NOTA LOCAL (RLIN)
Nota local BATCH-UPD
Procedencia (VM) [OBSOLETO] 10
Condición del los carretes individuales (VM) [OBSOLETO] 20130410
-- UCH01
-- 0459
590 ## - NOTA LOCAL (RLIN)
Nota local BATCH-UPD
Procedencia (VM) [OBSOLETO] 10
Condición del los carretes individuales (VM) [OBSOLETO] 20130914
-- UCH01
-- 0838
590 ## - NOTA LOCAL (RLIN)
Nota local CONVERSION
Procedencia (VM) [OBSOLETO] 10
Condición del los carretes individuales (VM) [OBSOLETO] 20130109
-- UCH01
-- 1338
650 14 - PUNTO DE ACCESO ADICIONAL DE MATERIA--TÉRMINO DE MATERIA
Término de materia o nombre geográfico como elemento de entrada Caña de azúcar como forraje.
9 (RLIN) 18673
700 0# - PUNTO DE ACCESO ADICIONAL--NOMBRE DE PERSONA
Nombre de persona Aarts, G.
9 (RLIN) 127
700 0# - PUNTO DE ACCESO ADICIONAL--NOMBRE DE PERSONA
Nombre de persona Preston, Thomas Reginald.
9 (RLIN) 91539
700 0# - PUNTO DE ACCESO ADICIONAL--NOMBRE DE PERSONA
Nombre de persona Sansoucy, R.
9 (RLIN) 102249
830 #0 - PUNTO DE ACCESO ADICIONAL DE SERIE-TÍTULO UNIFORME
Título uniforme FAO. Producción y sanidad animal
Designación de volumen o secuencia ; 72
9 (RLIN) 39655
901 ## - ELEMENTOS DE DATOS A LOCAL LDA (RLIN)
a BK
942 ## - ELEMENTOS DE PUNTO DE ACCESO ADICIONAL (KOHA)
Tipo de ítem Koha Libro
949 ## - PROCESAMIENTO DE INFORMACIÓN LOCAL (OCLC)
a 633.61 F35y
b Z
c LIBRO
d -7996
e LIBRO
h 1308
i 79554
s i
949 ## - PROCESAMIENTO DE INFORMACIÓN LOCAL (OCLC)
a 636.08 F3 v.72
b BC
c FAO
d 33724002128248
e FAO2
f c.3
g DonaciØn
h 82941
i 79554
s i
949 ## - PROCESAMIENTO DE INFORMACIÓN LOCAL (OCLC)
a 636.08 F3 v.72
b BC
c FAO
d 33724002128280
e FAO2
f c.2
g DonaciØn
h 76908
i 79554
s b
949 ## - PROCESAMIENTO DE INFORMACIÓN LOCAL (OCLC)
a 636.08 F3 v.72
b BC
c FAO
d 33724002128322
e FAO1
g DonaciØn
h 75747
i 79554
s b
Holdings
Estado de retiro Estado de pérdida Estado dañado Restricciones de uso No para préstamo Código de colección Localización permanente Ubicación/localización actual Ubicación en estantería Fecha de adquisición Fuente de adquisición Información codificada de la localización en otra ubicación Número de inventario Total de préstamos Signatura topográfica completa Código de barras Fecha visto por última vez Número de copia Precio válido a partir de Tipo de ítem Koha
      Préstamo interno   Publicaciones FAO Biblioteca Central Biblioteca Central Planta Principal - Área de préstamo - FAO 31/12/2019 Donacion LIBRO 127   636.08 F3 v.72 33724002128248 31/12/2019 c.3 31/12/2019 Libro
      Préstamo interno   Publicaciones FAO Biblioteca Central Biblioteca Central Planta Principal - Área de préstamo - FAO 31/12/2019 Donacion LIBRO 127   636.08 F3 v.72 33724002128280 31/12/2019 c.2 31/12/2019 Libro
      Préstamo 3 días   Publicaciones FAO Biblioteca Central Biblioteca Central Planta Principal - Área de préstamo - FAO 31/12/2019 Donacion LIBRO 127   636.08 F3 v.72 33724002128322 31/12/2019   31/12/2019 Libro